[Event "Auckland Trusts op 45th"]
[Site "Auckland"]
[Date "2023.06.04"]
[Round "4"]
[White "Wang, Lachlan"]
[Black "Sole, Michael D"]
[Result "0-1"]
[WhiteElo "1746"]
[BlackElo "1910"]
[PlyCount "120"]
[EventDate "2023.06.03"]
[EventType "swiss"]
[EventRounds "6"]
[EventCountry "NZL"]
[SourceTitle "EXT 2024"]
[Source "ChessBase"]
[SourceDate "2023.10.10"]
[SourceVersion "1"]
[SourceVersionDate "2023.10.10"]
[SourceQuality "1"]

1. e4 c6 2. d4 d5 3. e5 Bf5 4. h4 h5 5. Bg5 Qb6 6. Bd3 Bxd3 7. Qxd3 e6 8. Nd2 Qa6 9. Qg3 Nh6 10. Ne2 Nf5 11. Qf3 c5 12. dxc5 Nd7 13. Bf4 Nxc5 14. g3 Rc8 15. b3 g6 16. 0-0 Bg7 17. c4 dxc4 18. Nxc4 0-0 19. Ne3 Rfd8 20. Nxf5 exf5 21. Rfd1 Rxd1+ 22. Rxd1 Qxa2 23. Rc1 Qa5 24. Qd5 Bf8 25. Bg5 Re8 26. Nf4 Qb6 27. Bf6 Ne4 28. Rc2 Nxf6 29. exf6 Qxf6 30. Qxb7 Qa1+ 31. Kh2 Qd4 32. Qd5 Bg7 33. Qxd4 Bxd4 34. Kg2 Rb8 35. Rd2 Be5 36. Rd3 Kf8 37. Kf3 Rb7 38. Re3 Bd4 39. Rd3 Bf6 40. Re3 Rd7 41. Re2 Rd4 42. Re3 Rd2 43. Ne2 Rc2 44. Kf4 Be7 45. Kf3 Bc5 46. Re5 Bb6 47. b4 Rc4 48. Rb5 Rc2 49. Re5 Rb2 50. b5 Rc2 51. Rd5 Rc5 52. Rxc5 Bxc5 53. Nc3 Ke7 54. Nd1 Bd4 55. Ke2 Kd6 56. Kd2 Kd5 57. Kd3 Kc5 58. f3 Kd5 59. Kc2 Kc4 60. b6 axb6 0-1

[Event "NZL-ch op-A 130th"]
[Site "Wellington"]
[Date "2023.01.09"]
[Round "8"]
[White "Sole, Michael D"]
[Black "Zhang, Kendrick Botong"]
[Result "1-0"]
[WhiteElo "1890"]
[BlackElo "1889"]
[PlyCount "57"]
[EventDate "2023.01.02"]
[EventType "swiss"]
[EventRounds "9"]
[EventCountry "NZL"]
[SourceTitle "CBM 212 Extra"]
[Source "ChessBase"]
[SourceDate "2023.03.31"]
[SourceVersion "1"]
[SourceVersionDate "2023.03.31"]
[SourceQuality "1"]

1. e4 c5 2. Nf3 e6 3. d4 cxd4 4. Nxd4 Nc6 5. Nc3 Qc7 6. Be3 a6 7. g4 Bb4 8. Nxc6 Bxc3+ 9. bxc3 bxc6 10. Qd2 Nf6 11. g5 Ng4 12. Bf4 Ne5 13. Be2 d6 14. Rd1 Ke7 15. Bg3 Rd8 16. f4 Ng6 17. 0-0 Bb7 18. f5 exf5 19. exf5 Ne5 20. f6+ Kf8 21. Qf4 Qb6+ 22. Rf2 c5 23. fxg7+ Kg8 24. g6 fxg6 25. Bg4 Re8 26. Be6+ Kxg7 27. Qf6+ Kh6 28. Bf4+ Kh5 29. Qg5# 1-0

[Event "NZL-ch op-A 130th"]
[Site "Wellington"]
[Date "2023.01.08"]
[Round "7"]
[White "Rains, Edward"]
[Black "Sole, Michael D"]
[Result "1-0"]
[WhiteElo "1977"]
[BlackElo "1890"]
[PlyCount "81"]
[EventDate "2023.01.02"]
[EventType "swiss"]
[EventRounds "9"]
[EventCountry "NZL"]
[SourceTitle "CBM 212 Extra"]
[Source "ChessBase"]
[SourceDate "2023.03.31"]
[SourceVersion "1"]
[SourceVersionDate "2023.03.31"]
[SourceQuality "1"]

1. e4 e5 2. Nf3 Nc6 3. Bc4 Bc5 4. b4 Bxb4 5. c3 Ba5 6. d4 d6 7. 0-0 Nf6 8. dxe5 Nxe5 9. Nxe5 dxe5 10. Qb3 0-0 11. Ba3 Nxe4 12. Bxf8 Qxf8 13. Re1 Nd6 14. Rxe5 Nxc4 15. Qxc4 Be6 16. Qe2 Bb6 17. a4 c6 18. Nd2 Bc7 19. Re4 Rd8 20. Nf3 Bd5 21. Rh4 Qc5 22. Re1 h6 23. c4 Be6 24. Rd1 Bb6 25. Rxd8+ Bxd8 26. Re4 Bf6 27. h3 Qa5 28. Nd4 Bd7 29. Qd1 Qc7 30. c5 Qd8 31. Nf5 Qc7 32. Nd6 Kf8 33. Qb3 Be6 34. Qxb7 Qxb7 35. Nxb7 Ke7 36. Nd6 Kd7 37. Rb4 Be5 38. Rb7+ Kd8 39. Rxa7 Bd4 40. a5 Bxc5 41. Nb7+ 1-0

[Event "NZL-ch op-A 130th"]
[Site "Wellington"]
[Date "2023.01.04"]
[Round "3"]
[White "Winter, Ryan"]
[Black "Sole, Michael D"]
[Result "1-0"]
[WhiteElo "2015"]
[BlackElo "1890"]
[PlyCount "93"]
[EventDate "2023.01.02"]
[EventType "swiss"]
[EventRounds "9"]
[EventCountry "NZL"]
[SourceTitle "CBM 212 Extra"]
[Source "ChessBase"]
[SourceDate "2023.03.31"]
[SourceVersion "1"]
[SourceVersionDate "2023.03.31"]
[SourceQuality "1"]

1. e4 e5 2. Nf3 Nc6 3. Bb5 Nf6 4. d3 d6 5. c3 Be7 6. 0-0 0-0 7. Re1 Re8 8. Nbd2 Bf8 9. Nf1 h6 10. Ng3 a6 11. Ba4 b5 12. Bc2 d5 13. Qe2 d4 14. cxd4 Nxd4 15. Nxd4 Qxd4 16. Bb3 Rd8 17. Qc2 Qd6 18. Be3 Ng4 19. Bd5 Nxe3 20. Rxe3 Ra7 21. a4 bxa4 22. Qxa4 Bd7 23. Qc2 Qb6 24. Rc1 c6 25. Bc4 g6 26. h3 Rb7 27. Rf3 Be8 28. b3 a5 29. Nf1 Be7 30. Ne3 Bg5 31. Ra1 Bxe3 32. fxe3 Kg7 33. Qc3 f6 34. Rxa5 Qb4 35. Qxb4 Rxb4 36. Rf1 Rb7 37. Rc5 Ra7 38. Rd1 Rd6 39. Rd2 Bf7 40. d4 Bxc4 41. bxc4 exd4 42. exd4 Re7 43. d5 Rxe4 44. Rxc6 Rxc6 45. dxc6 Re7 46. Rd7 Kf7 47. c7 1-0

[Event "NZL-ch rapid op 130th"]
[Site "Wellington"]
[Date "2023.01.04"]
[Round "4"]
[White "Xie, Felix"]
[Black "Sole, Michael D"]
[Result "1-0"]
[WhiteElo "2103"]
[BlackElo "1890"]
[PlyCount "95"]
[EventDate "2023.01.04"]
[EventType "swiss (rapid)"]
[EventRounds "9"]
[EventCountry "NZL"]
[SourceTitle "CBM 212 Extra"]
[Source "ChessBase"]
[SourceDate "2023.03.31"]
[SourceVersion "1"]
[SourceVersionDate "2023.03.31"]
[SourceQuality "1"]

1. d4 Nf6 2. c4 e6 3. g3 d5 4. Nf3 dxc4 5. Bg2 Bb4+ 6. Bd2 a5 7. Qc2 c5 8. dxc5 Bxc5 9. 0-0 Nbd7 10. Qxc4 b6 11. Nc3 Ba6 12. Qh4 Rc8 13. Bg5 0-0 14. Rfd1 Qc7 15. Rac1 Qa7 16. e3 Rfd8 17. Bf4 Nf8 18. Ne5 Ng6 19. Nxg6 hxg6 20. Bg5 Be7 21. e4 e5 22. Bh3 Rxd1+ 23. Rxd1 Rd8 24. Nd5 Nxd5 25. Bxe7 Re8 26. Rxd5 Qxe7 27. Qxe7 Rxe7 28. Bf1 Bb7 29. Rd8+ Kh7 30. Bd3 Bc6 31. Rc8 Bb7 32. Rd8 Bc6 33. Rb8 Bb7 34. Kf1 Rd7 35. Ke2 g5 36. Re8 f6 37. Re6 Rd4 38. Ke3 Rb4 39. b3 Bc8 40. Rc6 Bd7 41. Rd6 Be8 42. Bc4 b5 43. a3 bxc4 44. axb4 cxb3 45. bxa5 Bb5 46. Rb6 Bc4 47. a6 b2 48. a7 1-0

[Event "Henderson Trusts op-A 44th"]
[Site "Henderson"]
[Date "2022.06.06"]
[Round "6"]
[White "Sole, Michael D"]
[Black "Krstev, Antonio"]
[Result "1-0"]
[WhiteElo "1875"]
[BlackElo "1867"]
[PlyCount "47"]
[EventDate "2022.06.04"]
[EventType "swiss"]
[EventRounds "6"]
[EventCountry "NZL"]
[SourceTitle "EXT 2024"]
[Source "ChessBase"]
[SourceDate "2023.10.10"]
[SourceVersion "1"]
[SourceVersionDate "2023.10.10"]
[SourceQuality "1"]

1. e4 e6 2. d4 d5 3. e5 c5 4. c3 Nc6 5. Nf3 f6 6. Bd3 cxd4 7. cxd4 Qa5+ 8. Nc3 Bd7 9. 0-0 fxe5 10. Nxe5 Nxe5 11. dxe5 Bb4 12. Qh5+ Kf8 13. Be3 Be8 14. Qf3+ Bf7 15. Rfc1 Ne7 16. Nb5 Nc6 17. Qf4 a6 18. Rxc6 bxc6 19. Nd4 c5 20. Nxe6+ Kg8 21. Nxg7 d4 22. Nf5 dxe3 23. Nh6+ Kg7 24. Qf6+ 1-0

[Event "Henderson Trusts op-A 44th"]
[Site "Henderson"]
[Date "2022.06.04"]
[Round "2"]
[White "Le Grange, Rauen"]
[Black "Sole, Michael D"]
[Result "0-1"]
[WhiteElo "1629"]
[BlackElo "1875"]
[PlyCount "88"]
[EventDate "2022.06.04"]
[EventType "swiss"]
[EventRounds "6"]
[EventCountry "NZL"]
[SourceTitle "EXT 2024"]
[Source "ChessBase"]
[SourceDate "2023.10.10"]
[SourceVersion "1"]
[SourceVersionDate "2023.10.10"]
[SourceQuality "1"]

1. e4 c6 2. Nc3 d5 3. Nf3 g6 4. Be2 Bg7 5. d4 Bg4 6. e5 e6 7. Bf4 Ne7 8. h3 Bxf3 9. Bxf3 Nd7 10. Qd2 a6 11. 0-0-0 c5 12. dxc5 Nxe5 13. Rhe1 Nc4 14. Qd3 0-0 15. b3 Qa5 16. Na4 Nc6 17. bxc4 Qxa4 18. Qb3 Qa5 19. cxd5 exd5 20. Bd6 Nd4 21. Rxd4 Bxd4 22. Rd1 Bxc5 23. Bxf8 Rxf8 24. Bxd5 Bxf2 25. Rf1 Qc5 26. Qxb7 Qe3+ 27. Kb1 Qe5 28. Bb3 Qe2 29. Rc1 Bd4 30. Qf3 Qb5 31. Rd1 Bg7 32. Rd5 Qb4 33. Rd7 Qe1+ 34. Rd1 Qe5 35. c3 Bf6 36. Kc2 Rc8 37. Rd3 Kg7 38. Qe3 Qf5 39. g4 Rxc3+ 40. Kd2 Qa5 41. Rxc3 Bg5 42. Qxg5 Qxg5+ 43. Kc2 Qe5 44. Rf3 Qe2+ 0-1

[Event "NZL-ch Rapid 129th"]
[Site "Christchurch"]
[Date "2022.01.12"]
[Round "7"]
[White "Lukey, Stephen G"]
[Black "Sole, Michael D"]
[Result "0-1"]
[WhiteElo "2141"]
[BlackElo "1815"]
[PlyCount "120"]
[EventDate "2022.01.11"]
[EventType "swiss (rapid)"]
[EventRounds "9"]
[EventCountry "NZL"]
[SourceTitle "CBM 206 Extra"]
[Source "ChessBase"]
[SourceDate "2022.03.31"]
[SourceVersion "1"]
[SourceVersionDate "2022.03.31"]
[SourceQuality "1"]

1. d4 Nf6 2. c4 e6 3. Nf3 d5 4. g3 Bb4+ 5. Bd2 Bd6 6. Bg2 0-0 7. 0-0 c6 8. Nc3 dxc4 9. e4 Be7 10. a4 c5 11. dxc5 Bxc5 12. e5 Nd5 13. Ne4 Be7 14. Qc2 b6 15. Rfd1 Bb7 16. Neg5 g6 17. Qxc4 h6 18. Qh4 hxg5 19. Nxg5 Bxg5 20. Bxg5 f6 21. Bxf6 Rxf6 22. exf6 Qe8 23. Qg5 Qf7 24. Be4 Nd7 25. Bxg6 Qxf6 26. Qh5 Qg7 27. h4 Ne5 28. Be4 Nf4 29. Qh7+ Qxh7 30. Bxh7+ Kxh7 31. gxf4 Rg8+ 32. Kh2 Ng4+ 33. Kg3 Ne3+ 34. Kh3 Nxd1 35. Rxd1 Rg7 36. Rd6 Rf7 37. Kg4 Rg7+ 38. Kh3 Kg8 39. h5 Kf7 40. Kh4 Kf6 41. Rd8 Be4 42. Rf8+ Rf7 43. Rg8 Rg7 44. Rf8+ Ke7 45. Rh8 Bf5 46. h6 Rh7 47. Rxh7+ Bxh7 48. Kg5 Kf7 49. b4 Bf5 50. a5 Bh7 51. axb6 axb6 52. Kh5 Kf6 53. Kg4 Bg6 54. f3 Bh7 55. f5 Bxf5+ 56. Kf4 Bh7 57. Ke3 Ke5 58. f4+ Kf5 59. b5 Kg4 60. Kd4 Kxf4 0-1

[Event "NZL-ch Rapid 129th"]
[Site "Christchurch"]
[Date "2022.01.12"]
[Round "9"]
[White "Ning, Isabelle Yixuan"]
[Black "Sole, Michael D"]
[Result "1-0"]
[WhiteElo "1796"]
[BlackElo "1815"]
[PlyCount "143"]
[EventDate "2022.01.11"]
[EventType "swiss (rapid)"]
[EventRounds "9"]
[EventCountry "NZL"]
[SourceTitle "CBM 206 Extra"]
[Source "ChessBase"]
[SourceDate "2022.03.31"]
[SourceVersion "1"]
[SourceVersionDate "2022.03.31"]
[SourceQuality "1"]

1. d4 Nf6 2. Bf4 d5 3. e3 c5 4. c3 Nc6 5. Nd2 Bf5 6. Ngf3 e6 7. Be2 Qb6 8. Qb3 c4 9. Qxb6 axb6 10. Nh4 Bg6 11. Nxg6 hxg6 12. 0-0 Be7 13. b3 b5 14. Rfb1 Ra7 15. a4 b4 16. Rc1 bxc3 17. Rxc3 Bb4 18. Rc2 Bxd2 19. Rxd2 Ne4 20. Rc2 cxb3 21. Rb2 0-0 22. Rxb3 Na5 23. Rb4 Rc8 24. h3 Nd2 25. Rd1 Ndc4 26. Rc1 Kf8 27. e4 Nc6 28. Rbb1 Nxd4 29. Bxc4 dxc4 30. Kf1 c3 31. Bd2 c2 32. Rb4 Rd8 33. Be3 Nc6 34. Rc4 Rd1+ 35. Ke2 Rxc1 36. Bxc1 e5 37. Kd3 Nd4 38. Ba3+ Ke8 39. Kd2 b5 40. Rc3 Rxa4 41. Bc5 b4 42. Rc4 Ra1 43. Bxd4 Rd1+ 44. Kxc2 Rxd4 45. Rxd4 exd4 46. Kb3 Ke7 47. Kxb4 d3 48. Kc3 d2 49. Kxd2 Ke6 50. Ke3 Ke5 51. f4+ Ke6 52. g4 f6 53. Kd4 Kd6 54. e5+ Ke6 55. Ke4 Ke7 56. Kd5 Kd7 57. e6+ Ke7 58. f5 g5 59. Kc6 g6 60. Kc7 gxf5 61. gxf5 Ke8 62. Kd6 Kd8 63. Kd5 Ke7 64. Ke4 Kd6 65. Kf3 Ke7 66. Kg4 Kf8 67. Kh5 Kg7 68. e7 Kf7 69. e8Q+ Kxe8 70. Kg6 Ke7 71. Kg7 Ke8 72. Kxf6 1-0

[Event "NZL-ch Rapid 129th"]
[Site "Christchurch"]
[Date "2022.01.11"]
[Round "3"]
[White "Sole, Michael D"]
[Black "Xie, Felix"]
[Result "0-1"]
[WhiteElo "1815"]
[BlackElo "2166"]
[PlyCount "80"]
[EventDate "2022.01.11"]
[EventType "swiss (rapid)"]
[EventRounds "9"]
[EventCountry "NZL"]
[SourceTitle "CBM 206 Extra"]
[Source "ChessBase"]
[SourceDate "2022.03.31"]
[SourceVersion "1"]
[SourceVersionDate "2022.03.31"]
[SourceQuality "1"]

1. e4 c6 2. Nf3 d5 3. d3 Nd7 4. e5 e6 5. d4 c5 6. c3 Ne7 7. Bd3 Nc6 8. 0-0 Be7 9. a3 c4 10. Bc2 Na5 11. g3 Nb6 12. h4 Bd7 13. Bg5 h6 14. Bxe7 Qxe7 15. Nbd2 0-0-0 16. b3 cxb3 17. Nxb3 Nxb3 18. Bxb3 Bb5 19. Re1 Kb8 20. a4 Bc4 21. a5 Bxb3 22. Qxb3 Nc4 23. Ra4 Rc8 24. Rb1 Rc7 25. Qd1 g5 26. Kg2 Rhc8 27. hxg5 hxg5 28. Qc1 g4 29. Ne1 f6 30. Nd3 fxe5 31. dxe5 Rf8 32. Nf4 Nxe5 33. Qe3 Qd6 34. Re1 Rf5 35. Re2 Re7 36. Nd3 Nc4 37. Qh6 Rf3 38. Nf4 Qd7 39. Rb4 e5 40. Nxd5 Qxd5 0-1

[Event "NZL-ch op 129th"]
[Site "Christchurch"]
[Date "2022.01.09"]
[Round "8"]
[White "Rains, Edward"]
[Black "Sole, Michael D"]
[Result "1/2-1/2"]
[WhiteElo "2004"]
[BlackElo "1815"]
[PlyCount "67"]
[EventDate "2022.01.02"]
[EventType "swiss"]
[EventRounds "9"]
[EventCountry "NZL"]
[SourceTitle "EXT 2023"]
[Source "ChessBase"]
[SourceDate "2022.10.05"]
[SourceVersion "1"]
[SourceVersionDate "2022.10.05"]
[SourceQuality "1"]

1. e4 e5 2. Nf3 Nc6 3. d4 exd4 4. Bc4 Bc5 5. c3 Nf6 6. e5 d5 7. Be2 d3 8. exf6 dxe2 9. Qxe2+ Kf8 10. Bg5 Qe8 11. Qxe8+ Kxe8 12. fxg7 Rg8 13. Bf6 Be7 14. Bxe7 Kxe7 15. 0-0 Rxg7 16. Na3 Bg4 17. Rfe1+ Kd7 18. Ne5+ Nxe5 19. Rxe5 Bf3 20. g3 c6 21. Re3 Bg4 22. Rae1 f6 23. Nc2 Kd6 24. f3 Bd7 25. Nd4 c5 26. Ne2 Re8 27. Rxe8 Bxe8 28. Nf4 Bf7 29. Rd1 Rg5 30. Kf2 Re5 31. Nd3 Re7 32. Nf4 Re5 33. Nd3 Re7 34. Nf4 1/2-1/2

[Event "NZL-ch op 129th"]
[Site "Christchurch"]
[Date "2022.01.07"]
[Round "6"]
[White "Dive, Russell John"]
[Black "Sole, Michael D"]
[Result "1/2-1/2"]
[WhiteElo "2265"]
[BlackElo "1815"]
[PlyCount "67"]
[EventDate "2022.01.02"]
[EventType "swiss"]
[EventRounds "9"]
[EventCountry "NZL"]
[SourceTitle "EXT 2023"]
[Source "ChessBase"]
[SourceDate "2022.10.05"]
[SourceVersion "1"]
[SourceVersionDate "2022.10.05"]
[SourceQuality "1"]

1. d4 Nf6 2. Nf3 d5 3. c4 e6 4. Nc3 a6 5. b3 Bb4 6. Bd2 0-0 7. e3 b6 8. Bd3 Bb7 9. 0-0 Nbd7 10. a3 Bd6 11. Qe2 c5 12. a4 dxc4 13. bxc4 cxd4 14. exd4 e5 15. d5 h6 16. Nh4 Nc5 17. Bc2 Bc8 18. h3 e4 19. f4 Re8 20. Be3 Ng4 21. hxg4 Qxh4 22. Rab1 Bxg4 23. Qf2 Qxf2+ 24. Kxf2 Rab8 25. Rb2 Nd3+ 26. Bxd3 exd3 27. Rfb1 Rxe3 28. Kxe3 Re8+ 29. Kxd3 Bf5+ 30. Kd2 Bxf4+ 31. Kd1 Be5 32. Kd2 Bf4+ 33. Kd1 Be5 34. Kd2 1/2-1/2

[Event "NZL-ch op 129th"]
[Site "Christchurch"]
[Date "2022.01.06"]
[Round "5"]
[White "Sole, Michael D"]
[Black "Ker, Anthony F"]
[Result "1-0"]
[WhiteElo "1815"]
[BlackElo "2303"]
[PlyCount "91"]
[EventDate "2022.01.02"]
[EventType "swiss"]
[EventRounds "9"]
[EventCountry "NZL"]
[SourceTitle "EXT 2023"]
[Source "ChessBase"]
[SourceDate "2022.10.05"]
[SourceVersion "1"]
[SourceVersionDate "2022.10.05"]
[SourceQuality "1"]

1. e4 c5 2. Nf3 g6 3. d4 cxd4 4. Nxd4 Nc6 5. c4 Nf6 6. Nc3 d6 7. Be2 Nxd4 8. Qxd4 Bg7 9. 0-0 0-0 10. Qd3 Be6 11. Be3 Qa5 12. Bd4 Rfc8 13. b3 Nd7 14. Bxg7 Kxg7 15. f4 f6 16. Rac1 a6 17. Bf3 Rab8 18. Nd5 Bxd5 19. exd5 b5 20. Rfe1 Re8 21. cxb5 axb5 22. Re2 b4 23. h4 Kf7 24. h5 Rbc8 25. Rxc8 Rxc8 26. Qe4 Qa7+ 27. Kh2 Nf8 28. Qxb4 Rc1 29. Qe4 f5 30. Qe3 Qc7 31. Qd4 Nd7 32. Qh8 Nf6 33. h6 Rh1+ 34. Kxh1 Qc1+ 35. Kh2 Qxf4+ 36. g3 Qxh6+ 37. Kg2 g5 38. Qc8 g4 39. Qxf5 gxf3+ 40. Qxf3 Qg5 41. Rf2 Ke8 42. Qf5 Qc1 43. Qe6 Kd8 44. Rxf6 exf6 45. Qxd6+ Kc8 46. Qc6+ 1-0

[Event "NZL-ch op 129th"]
[Site "Christchurch"]
[Date "2022.01.05"]
[Round "4"]
[White "Croad, Nicholas"]
[Black "Sole, Michael D"]
[Result "1/2-1/2"]
[WhiteElo "2289"]
[BlackElo "1815"]
[PlyCount "73"]
[EventDate "2022.01.02"]
[EventType "swiss"]
[EventRounds "9"]
[EventCountry "NZL"]
[SourceTitle "EXT 2023"]
[Source "ChessBase"]
[SourceDate "2022.10.05"]
[SourceVersion "1"]
[SourceVersionDate "2022.10.05"]
[SourceQuality "1"]

1. d4 Nf6 2. c4 e6 3. Nc3 Bb4 4. Qc2 c5 5. dxc5 0-0 6. Nf3 Na6 7. a3 Bxc3+ 8. Qxc3 Nxc5 9. Qc2 a5 10. Bf4 d5 11. cxd5 Nxd5 12. Bg5 f6 13. Qxc5 fxg5 14. h3 Bd7 15. e3 Rc8 16. Qd4 Qf6 17. Bd3 Bc6 18. Qe4 h6 19. Qe5 Rfd8 20. Qxf6 gxf6 21. Rd1 Nb6 22. h4 Ba4 23. Ke2 Bxd1+ 24. Rxd1 Kf7 25. hxg5 hxg5 26. Nd4 Nc4 27. Rh1 Nxb2 28. Rh7+ Kg8 29. Bg6 Rd6 30. Rxb7 Nc4 31. Nxe6 Nxa3 32. Bf5 Re8 33. Rg7+ Kh8 34. Rh7+ Kg8 35. Rg7+ Kh8 36. Rh7+ Kg8 37. Rg7+ 1/2-1/2

[Event "North Island-ch"]
[Site "Wellington"]
[Date "2021.04.04"]
[Round "5"]
[White "Paetsch, Nicholas"]
[Black "Sole, Michael D"]
[Result "1-0"]
[WhiteElo "1456"]
[BlackElo "1828"]
[PlyCount "69"]
[EventDate "2021.04.02"]
[EventType "swiss"]
[EventRounds "8"]
[EventCountry "NZL"]
[SourceTitle "EXT 2024"]
[Source "ChessBase"]
[SourceDate "2023.10.10"]
[SourceVersion "1"]
[SourceVersionDate "2023.10.10"]
[SourceQuality "1"]

1. e4 c5 2. Nf3 d6 3. d4 cxd4 4. Nxd4 Nf6 5. Nc3 a6 6. h3 e5 7. Nde2 h5 8. Bg5 Be6 9. Nd5 Bxd5 10. exd5 Qa5+ 11. c3 Nbd7 12. g3 Be7 13. Bg2 0-0 14. Bd2 Qc7 15. Be3 Rac8 16. 0-0 Rfe8 17. a4 Nb6 18. b3 a5 19. c4 Nbd7 20. Nc3 Qb8 21. Nb5 Nc5 22. Rb1 Bd8 23. Re1 Bb6 24. g4 hxg4 25. hxg4 Nfd7 26. Kh2 Na6 27. Qf3 Bxe3 28. fxe3 Nf8 29. Rh1 Rcd8 30. Qh3 Nc5 31. Kg3 Ng6 32. Qh7+ Kf8 33. Rbf1 Ke7 34. Qxg7 Rf8 35. Rh7 1-0

[Event "FIDE World Uni Rapid-C 1st"]
[Site "Tornelo INT"]
[Date "2021.03.20"]
[Round "4"]
[White "Sole, Michael D"]
[Black "Burri, Quentin"]
[Result "0-1"]
[WhiteElo "1828"]
[BlackElo "2415"]
[PlyCount "114"]
[EventDate "2021.03.20"]
[EventType "swiss (rapid)"]
[EventRounds "12"]
[EventCountry "NET"]
[SourceTitle "CBM 201 Extra"]
[Source "ChessBase"]
[SourceDate "2021.05.31"]
[SourceVersion "1"]
[SourceVersionDate "2021.05.31"]
[SourceQuality "1"]

1. d4 b6 2. e4 Bb7 3. Bd3 g6 4. Nf3 Bg7 5. 0-0 d6 6. Nbd2 Nd7 7. c3 e6 8. Re1 Ne7 9. Nf1 h6 10. Ng3 a6 11. a4 c5 12. Qe2 Qc7 13. Be3 e5 14. b3 Nf6 15. h3 0-0 16. d5 Rfe8 17. Qd2 Kh7 18. Nh2 Bc8 19. Rf1 Neg8 20. f4 exf4 21. Bxf4 Nd7 22. Rf2 Ne5 23. Raf1 Ra7 24. Nf3 Nxf3+ 25. Rxf3 Be5 26. Ne2 Kg7 27. Qe1 Bxf4 28. Rxf4 Re5 29. Qg3 Qd8 30. Qf2 Qe7 31. Ng3 h5 32. Kh1 Nh6 33. Ne2 Qg5 34. Qg3 Qe7 35. Qf2 Bd7 36. Ng1 g5 37. Rf6 g4 38. Rxh6 Kxh6 39. Qxf7 Qxf7 40. Rxf7 Kg6 41. Rf4 Bc8 42. Ne2 Rf7 43. Kh2 Rxf4 44. Nxf4+ Kg5 45. g3 gxh3 46. Nxh3+ Bxh3 47. Kxh3 b5 48. axb5 axb5 49. Bc2 b4 50. c4 Re8 51. Bd1 Ra8 52. Bc2 Ra2 53. Bd1 Rd2 54. Bf3 Rd3 55. Be2 Rxb3 56. Kg2 Re3 57. Kf2 Rxe4 0-1